Statistics for Find The Country- Map Quiz

Click here to take the quiz!

General Stats

  • This quiz has been taken 67 times
    (50 since last reset)
  • The average score is 57 of 196

Answers on the Map

Answers color-coded by a green-red scale on the quiz's map according to % correct below.
 

Answer Stats

Answer% Correct
Canada
87%
Russia
80%
Mozambique
60%
Poland
60%
Algeria
53%
Argentina
53%
Bolivia
53%
China
53%
Colombia
53%
Cuba
53%
Ecuador
53%
Egypt
53%
Iran
53%
Madagascar
53%
Mexico
53%
Namibia
53%
United Kingdom
53%
Bangladesh
47%
Belarus
47%
Brazil
47%
Chile
47%
Cyprus
47%
Denmark
47%
Djibouti
47%
Eritrea
47%
Hungary
47%
Italy
47%
Mali
47%
Somalia
47%
South Africa
47%
Angola
40%
Australia
40%
Belize
40%
Bosnia and Herzegovina
40%
Botswana
40%
Bulgaria
40%
Burkina Faso
40%
Cambodia
40%
Central African Republic
40%
Comoros
40%
Ethiopia
40%
Finland
40%
Germany
40%
Greece
40%
Guyana
40%
Iceland
40%
India
40%
Indonesia
40%
Ireland
40%
Malawi
40%
Maldives
40%
Mauritania
40%
Norway
40%
Papua New Guinea
40%
Paraguay
40%
Portugal
40%
Romania
40%
Saudi Arabia
40%
Slovakia
40%
South Sudan
40%
Spain
40%
Sri Lanka
40%
Syria
40%
Tanzania
40%
Thailand
40%
United States
40%
Armenia
33%
Bahamas
33%
Belgium
33%
Benin
33%
Bhutan
33%
Congo
(Rep. of.)
33%
Costa Rica
33%
Czech Republic
33%
Dominican Republic
33%
El Salvador
33%
Estonia
33%
France
33%
Georgia
33%
Ghana
33%
Iraq
33%
Japan
33%
Kazakhstan
33%
Lithuania
33%
Malaysia
33%
Morocco
33%
New Zealand
33%
Nigeria
33%
North Korea
33%
Panama
33%
Peru
33%
Philippines
33%
Taiwan
33%
Venezuela
33%
Vietnam
33%
Afghanistan
27%
Cameroon
27%
Cape Verde
27%
Chad
27%
Côte D'ivoire
27%
Croatia
27%
Equatorial Guinea
27%
Gabon
27%
Guinea
27%
Guinea-Bissau
27%
Honduras
27%
Israel
27%
Jamaica
27%
Jordan
27%
Kenya
27%
Kosovo
27%
Laos
27%
Libya
27%
Malta
27%
Moldova
27%
Mongolia
27%
Netherlands
27%
Oman
27%
Sao Tome and Principe
27%
Serbia
27%
Slovenia
27%
South Korea
27%
Sudan
27%
Suriname
27%
Sweden
27%
Turkey
27%
Turkmenistan
27%
Uganda
27%
Uruguay
27%
Zambia
27%
Austria
20%
Azerbaijan
20%
Burundi
20%
Democratic Republic of the Congo
20%
Fiji
20%
Guatemala
20%
Haiti
20%
Latvia
20%
Liberia
20%
Myanmar
20%
Nepal
20%
Nicaragua
20%
North Macedonia
20%
Pakistan
20%
Palau
20%
Qatar
20%
Rwanda
20%
Senegal
20%
Seychelles
20%
Sierra Leone
20%
Togo
20%
Tunisia
20%
United Arab Emirates
20%
Gambia
13%
Kiribati
13%
Kuwait
13%
Kyrgyzstan
13%
Lebanon
13%
Lesotho
13%
Luxembourg
13%
Mauritius
13%
Montenegro
13%
Niger
13%
Swaziland
13%
Tajikistan
13%
Ukraine
13%
Uzbekistan
13%
Yemen
13%
Andorra
7%
Bahrain
7%
Barbados
7%
Brunei
7%
Ivory Coast
7%
Liechtenstein
7%
Marshall Islands
7%
Micronesia
7%
Monaco
7%
Nauru
7%
Samoa
7%
San Marino
7%
Singapore
7%
Solomon Islands
7%
Timor-Leste
7%
Tonga
7%
Zimbabwe
7%
Antigua and Barbuda
0%
Dominica
0%
East Timor
0%
Grenada
0%
Saint Kitts and Nevis
0%
Saint Lucia
0%
Saint Vincent and the Grenadines
0%
Trinidad and Tobago
0%
Tuvalu
0%
Vanuatu
0%
Vatican City
0%

Score Distribution

Percentile by Number Answered

Percent of People with Each Score

Your Score History

You have not taken this quiz since the last reset